[Event "Women's Speed Chess Q1"]
[Site "chess.com INT"]
[Date "2020.06.18"]
[Round "8"]
[White "Khotenashvili, Bela"]
[Black "Tokhirjonova, Gulrukhbegim"]
[Result "0-1"]
[WhiteTitle "GM"]
[BlackTitle "WGM"]
[WhiteElo "2458"]
[BlackElo "2378"]
[WhiteFideId "13602640"]
[BlackFideId "14203626"]
[EventDate "2020.06.18"]

1. d4 d5 2. c4 e6 3. Nf3 Nf6 4. g3 Bb4+ 5. Nc3 O-O 6. Bg2 dxc4 7. O-O a5 8. a3
Bxc3 9. bxc3 Nbd7 10. Qc2 Qe7 11. a4 Rd8 12. Ba3 Qe8 13. Rfd1 Rb8 14. Bc1 c6 15.
Bf4 Ra8 16. Bc7 Nd5 17. Bxd8 Qxd8 18. Rdb1 Qc7 19. Nd2 Rb8 20. Nxc4 b5 21. Nd2
b4 22. cxb4 Nxb4 23. Qc3 Ba6 24. Bf3 e5 25. d5 c5 26. Nc4 Re8 27. d6 Qd8 28. Rd1
e4 29. Bg2 f5 30. Bh3 g6 31. Bg2 Kf7 32. h4 Re6 33. Rd2 Nc6 34. Rad1 Qf6 35.
Qxf6+ Kxf6 36. Rc1 Nce5 37. Nxa5 c4 38. Bf1 Re8 39. Rd4 Ke6 40. Kg2 Rc8 41. f3
exf3+ 42. exf3 Rc5 0-1

[Event "Women's Speed Chess Q1"]
[Site "chess.com INT"]
[Date "2020.06.18"]
[Round "8"]
[White "Pham, Le Thao Nguyen"]
[Black "Kashlinskaya, Alina"]
[Result "1-0"]
[WhiteTitle "IM"]
[BlackTitle "IM"]
[WhiteElo "2366"]
[BlackElo "2494"]
[WhiteFideId "12401226"]
[BlackFideId "4198026"]
[EventDate "2020.06.18"]

1. d4 Nf6 2. Nf3 d5 3. Bf4 e6 4. e3 c5 5. c3 Nc6 6. Nbd2 Bd6 7. Bg3 O-O 8. Bd3
b6 9. e4 Be7 10. e5 Nh5 11. a3 a5 12. Qe2 Bd7 13. h4 g6 14. Bh2 cxd4 15. cxd4 f5
16. exf6 Bxf6 17. Qe3 Bg7 18. O-O Qf6 19. Ne5 Nxe5 20. Bxe5 Qxh4 21. Nf3 Rxf3
22. Qxf3 Bxe5 23. dxe5 Rf8 24. Qe3 Nf4 25. Rfd1 Ba4 26. Rd2 Qg5 27. Bf1 Qf5 28.
Rc1 Rf7 29. Rc8+ Kg7 30. Qxb6 Bd7 31. Rc7 Qxe5 32. Qd4 Qxd4 33. Rxd4 e5 34. Rd2
d4 35. Bc4 Re7 36. Bb5 Ne6 37. Rxd7 Rxd7 38. Bxd7 Nc5 39. Bb5 Nb3 40. Rc2 e4 41.
Ba4 1-0

[Event "Women's Speed Chess Q1"]
[Site "chess.com INT"]
[Date "2020.06.18"]
[Round "8"]
[White "Munkhzul, Turmunkh"]
[Black "Mamedjarova, Turkan"]
[Result "1-0"]
[WhiteTitle "WIM"]
[BlackTitle "WGM"]
[WhiteElo "2278"]
[BlackElo "2309"]
[WhiteFideId "4901878"]
[BlackFideId "13402005"]
[EventDate "2020.06.18"]

1. e4 e5 2. Nf3 Nc6 3. Bb5 a6 4. Ba4 Nf6 5. O-O b5 6. Bb3 Bc5 7. c3 d6 8. d4 Bb6
9. a4 Bb7 10. Bg5 O-O 11. Bd5 Rb8 12. axb5 axb5 13. Na3 b4 14. Nc4 h6 15. Bxf6
Qxf6 16. Qa4 Ra8 17. Qb5 Na7 18. Qxb4 Bxd5 19. exd5 e4 20. Nfd2 Rab8 21. Nxb6
Rxb6 22. Qa5 Nc8 23. b4 Ne7 24. Nxe4 Qf5 25. Rfe1 Qxd5 26. Nf6+ gxf6 27. Rxe7
Qc4 28. Re3 Rb5 29. Qa2 Qc6 30. Qe2 Rg5 31. f3 Qd5 32. Ra5 Qb3 33. Ra1 c5 34.
bxc5 dxc5 35. c4 Qb4 36. d5 Kg7 37. Re1 Ra8 38. h4 Rg3 39. Kh2 Rg6 40. Re7 Qc3
41. d6 Qd4 42. d7 Qxh4+ 43. Kg1 Qd4+ 44. Qe3 Qxc4 45. Re8 Qc2 46. Qe2 Qxe2 47.
R1xe2 1-0

[Event "Women's Speed Chess Q1"]
[Site "chess.com INT"]
[Date "2020.06.18"]
[Round "8"]
[White "Nandhidhaa, P V"]
[Black "Papp, Petra"]
[Result "0-1"]
[WhiteTitle "WGM"]
[BlackTitle "WGM"]
[WhiteElo "2365"]
[BlackElo "2338"]
[WhiteFideId "5050847"]
[BlackFideId "739049"]
[EventDate "2020.06.18"]

1. e4 c6 2. Nc3 d5 3. Nf3 dxe4 4. Nxe4 Nf6 5. Qe2 Nxe4 6. Qxe4 Qa5 7. Bc4 Bf5 8.
Qf4 e6 9. O-O Be7 10. c3 O-O 11. d4 Nd7 12. Re1 Bg6 13. Nh4 Bh5 14. Nf5 Bf6 15.
Nd6 Qc7 16. Qg3 Bg6 17. Bf4 Qb6 18. Re2 c5 19. dxc5 Nxc5 20. b4 Na4 21. Nb5 a6
22. Bc7 Qc6 23. Na3 Nxc3 24. Ree1 Ne4 25. Qf4 Bxa1 26. Rxa1 Rac8 27. Be5 b5 28.
Bb3 f6 29. Bb2 Kh8 30. h4 e5 31. Qf3 Nd2 32. Qxc6 Rxc6 33. Bd5 Rd6 34. Bb7 Rb8
35. Rc1 Nc4 36. Nxc4 bxc4 37. Bf3 Bd3 38. Bc3 e4 39. Bg4 g6 40. a3 Kg7 41. a4
Kf7 0-1

[Event "Women's Speed Chess Q1"]
[Site "chess.com INT"]
[Date "2020.06.18"]
[Round "8"]
[White "Morris-Suzuki, Sophie"]
[Black "Golubenko, Valentina"]
[Result "1-0"]
[WhiteTitle "WFM"]
[BlackTitle "WGM"]
[WhiteElo "2043"]
[BlackElo "2209"]
[WhiteFideId "30922615"]
[BlackFideId "4501993"]
[EventDate "2020.06.18"]

1. e4 g6 2. d4 Bg7 3. Nc3 c5 4. Nf3 cxd4 5. Nxd4 Nc6 6. Be3 Nf6 7. Bc4 O-O 8.
Bb3 Ng4 9. Qxg4 Nxd4 10. Qd1 Nxb3 11. axb3 b6 12. Qd5 Qc7 13. Qxa8 Bxc3+ 14. Kd1
Bxb2 15. Rxa7 Qd6+ 16. Qd5 Qb4 17. Bd2 Qc5 18. Qxc5 bxc5 19. c3 d6 20. Kc2 Bxc3
21. Bxc3 Be6 22. Rxe7 Rb8 23. Rb1 d5 24. exd5 Bf5+ 25. Kb2 Kf8 26. Rc7 Bxb1 27.
Kxb1 Rxb3+ 28. Kc2 Rb6 29. Rxc5 Ke7 30. Rc7+ Kd6 31. Rxf7 Kxd5 32. Rxh7 Re6 33.
Rf7 Kc4 34. Rf4+ Kd5 35. Rf6 Re4 36. Rxg6 Re2+ 37. Kd3 Rxf2 38. Rg5+ Ke6 39. h4
Rf4 40. g3 Rf1 41. h5 Rf3+ 42. Kc4 Rf2 43. h6 Rh2 44. Rg6+ Kf5 45. Rf6+ Kg4 46.
Be5 Rh5 47. Bf4 Rh3 48. Rf7 Kf3 49. h7 Ke4 50. g4 Rh1 51. g5 Rh5 52. g6 Rh4 53.
g7 Rxh7 54. g8=Q Rh3 55. Qg6+ Kf3 56. Be5+ Ke3 57. Qd3# 1-0

[Event "Women's Speed Chess Q1"]
[Site "chess.com INT"]
[Date "2020.06.18"]
[Round "8"]
[White "Belenkaya, Dina"]
[Black "Yakimova, Mariya"]
[Result "1-0"]
[WhiteTitle "WGM"]
[BlackTitle "WFM"]
[WhiteElo "2297"]
[BlackElo "2269"]
[WhiteFideId "24142654"]
[BlackFideId "34188859"]
[EventDate "2020.06.18"]

1. e4 c5 2. Nc3 Nc6 3. g3 g6 4. Bg2 Bg7 5. d3 e6 6. Nge2 d6 7. Be3 Nge7 8. Qd2
h5 9. h3 Rb8 10. O-O b5 11. d4 cxd4 12. Nxd4 b4 13. Ncb5 Ne5 14. Qxb4 O-O 15.
Qxd6 Bd7 16. Bg5 f6 17. Nxe6 Bxe6 18. Qxe6+ Kh7 19. Rad1 Qb6 20. Qxe7 fxg5 21.
Rd5 Rf7 22. Qxg5 a6 23. Nd6 Rd7 24. Rxe5 Bxe5 25. Nc4 Qc5 26. Nxe5 Rg7 27. Nf3
Qxc2 28. Qf6 Rxb2 29. Kh2 Rxa2 30. Ng5+ Kh6 31. Nf7+ Kh7 32. Ng5+ Kh8 33. Qf8+
Rg8 34. Qh6# 1-0

[Event "Women's Speed Chess Q1"]
[Site "chess.com INT"]
[Date "2020.06.18"]
[Round "8"]
[White "Gevorgyan, Maria"]
[Black "Divya, Deshmukh"]
[Result "1-0"]
[WhiteTitle "WGM"]
[BlackTitle "WIM"]
[WhiteElo "2228"]
[BlackElo "2305"]
[WhiteFideId "13300270"]
[BlackFideId "35006916"]
[EventDate "2020.06.18"]

1. e4 c5 2. Nc3 Nc6 3. Bb5 Nd4 4. Bc4 g6 5. Nf3 Bg7 6. Nxd4 cxd4 7. Qf3 Nh6 8.
Ne2 O-O 9. d3 Ng4 10. Bb3 Ne5 11. Qg3 Nc6 12. h4 Na5 13. h5 Nxb3 14. axb3 d5 15.
hxg6 fxg6 16. Qh4 h5 17. Qg5 Qd6 18. Bf4 e5 19. Bd2 dxe4 20. dxe4 Qf6 21. Qg3
Be6 22. Bg5 Qf7 23. O-O Rac8 24. c4 dxc3 25. bxc3 Bxb3 26. Rxa7 Bc4 27. Re1 Ra8
28. Qe3 Qd7 29. Rxa8 Rxa8 30. Ng3 Kh7 31. f4 exf4 32. Bxf4 Ra2 33. Qf3 Qd3 34.
Re3 Qd8 35. Re1 Rc2 36. e5 h4 37. Ne4 Bd5 38. Qd3 Ra2 39. Ng5+ Kg8 40. Ne4 Kh7
41. c4 Bxe4 42. Qxd8 Rxg2+ 43. Kf1 Rg4 44. Rxe4 h3 45. Qd2 1-0

[Event "Women's Speed Chess Q1"]
[Site "chess.com INT"]
[Date "2020.06.18"]
[Round "8"]
[White "Sviridova, Vlada"]
[Black "Tarini, Goyal"]
[Result "0-1"]
[WhiteTitle "WFM"]
[BlackTitle "WFM"]
[WhiteElo "2144"]
[BlackElo "2164"]
[WhiteFideId "24109606"]
[BlackFideId "5082749"]
[EventDate "2020.06.18"]

1. d4 d5 2. Nf3 Nf6 3. c4 e6 4. Nc3 Be7 5. Bf4 O-O 6. e3 c5 7. dxc5 Bxc5 8. a3
Nc6 9. Qc2 Qa5 10. Rd1 Re8 11. Nd2 e5 12. Bg3 Nd4 13. Qc1 Bf5 14. Be2 Nxe2 15.
Nxe2 d4 16. b4 Bxb4 17. axb4 Qxb4 18. O-O Bd3 19. Rfe1 Rac8 20. exd4 e4 21. d5
Nxd5 22. Nb1 Rxc4 23. Qg5 Nf6 24. Be5 Rc5 25. Bc3 Qxc3 26. Nexc3 Rxg5 27. Nd2
Rge5 28. Nb3 b5 29. Nd4 b4 30. Na4 Rd5 31. Ne2 b3 32. Nb2 Rc5 33. Nf4 Rcc8 34.
Nbxd3 exd3 35. Nxd3 Rxe1+ 36. Rxe1 Rd8 37. Rb1 Rxd3 0-1

[Event "Women's Speed Chess Q1"]
[Site "chess.com INT"]
[Date "2020.06.18"]
[Round "8"]
[White "Ouellet, Maili-Jade"]
[Black "Miroshnik, Ekaterina"]
[Result "0-1"]
[WhiteTitle "WGM"]
[BlackTitle "WFM"]
[WhiteElo "2257"]
[BlackElo "2139"]
[WhiteFideId "2620472"]
[BlackFideId "34127698"]
[EventDate "2020.06.18"]

1. d4 e6 2. c4 Nf6 3. Nc3 d5 4. cxd5 exd5 5. Bg5 Be7 6. e3 O-O 7. Bd3 h6 8. Bh4
b6 9. Nf3 Bb7 10. O-O c5 11. Ne5 Nbd7 12. f4 a6 13. g4 c4 14. Bc2 b5 15. a3 Ne4
16. Bxe7 Qxe7 17. Qe2 Nxe5 18. dxe5 Nxc3 19. bxc3 Rad8 20. a4 b4 21. cxb4 Qxb4
22. Rab1 Qe7 23. Rb6 d4 24. Qxc4 dxe3 25. Re1 Rc8 26. Qd3 Rxc2 27. Qxc2 Rc8 28.
Qb3 Qh4 29. Qxe3 Qxg4+ 30. Qg3 Qd7 31. Rd6 Qxa4 32. Red1 Qa5 33. Qf2 Qc7 34. Rd7
Qc6 35. R1d5 Qc1+ 36. Rd1 Qc6 37. Kf1 Qh1+ 38. Ke2 Rc2+ 39. R7d2 Qe4+ 40. Qe3
Qg2+ 41. Kd3 Qg6+ 42. Ke2 Qh5+ 43. Kd3 Rc8 44. Kd4 Qf5 45. Qb3 Qxf4+ 46. Kd3
Qe4# 0-1

[Event "Women's Speed Chess Q1"]
[Site "chess.com INT"]
[Date "2020.06.18"]
[Round "8"]
[White "Hoang, Thi Bao Tram"]
[Black "Mrudul, Dehankar"]
[Result "1/2-1/2"]
[WhiteTitle "WGM"]
[BlackTitle "WIM"]
[WhiteElo "2288"]
[BlackElo "2256"]
[WhiteFideId "12401102"]
[BlackFideId "25096990"]
[EventDate "2020.06.18"]

1. d4 Nf6 2. Nf3 e6 3. Bg5 Be7 4. Nbd2 b5 5. e4 a6 6. Bd3 Bb7 7. Qe2 d6 8. O-O
Nbd7 9. a4 b4 10. c4 Nh5 11. Be3 O-O 12. e5 dxe5 13. dxe5 g6 14. Ne4 Ng7 15.
Rad1 Nf5 16. Bb1 Bc6 17. Bg5 h6 18. Bxe7 Qxe7 19. Rxd7 Bxd7 20. Nf6+ Kg7 21. g4
Nd6 22. Nxd7 Qxd7 23. exd6 cxd6 24. Rd1 Rfd8 25. c5 d5 26. Qe5+ f6 27. Qe2 e5
28. h3 Qc6 29. Qc2 e4 30. Nd4 Qd7 31. Qb3 Rac8 32. c6 Qe7 33. a5 Qe5 34. Qxb4 e3
35. Nf3 exf2+ 36. Kxf2 Qe6 37. Nd4 Qe5 38. Qd2 Re8 39. Qd3 Qh2+ 40. Kf1 Qh1+ 41.
Kf2 Qh2+ 42. Kf1 Qh1+ 43. Kf2 Qh2+ 1/2-1/2

[Event "Women's Speed Chess Q1"]
[Site "chess.com INT"]
[Date "2020.06.18"]
[Round "8"]
[White "Tian, Shi Yuan"]
[Black "Berzina, Ilze"]
[Result "0-1"]
[WhiteTitle "WFM"]
[BlackTitle "WGM"]
[WhiteElo "1868"]
[BlackElo "2192"]
[WhiteFideId "2623960"]
[BlackFideId "11601345"]
[EventDate "2020.06.18"]

1. e4 c6 2. d4 d5 3. e5 c5 4. c3 Nc6 5. h3 Bf5 6. Nf3 e6 7. Be2 cxd4 8. cxd4
Bb4+ 9. Bd2 Nge7 10. Bxb4 Nxb4 11. Na3 O-O 12. O-O Rc8 13. Nb5 Rc2 14. a3 Nbc6
15. Ra2 Qb6 16. Ne1 Rxe2 17. Qxe2 a6 18. Nd6 Nxd4 19. Qd1 Bg6 20. b4 Nec6 21.
Rd2 Nf5 22. Nxf5 Bxf5 23. Qe2 Be4 24. Nd3 Qc7 25. Re1 Nd4 26. Qg4 Nb3 27. Rdd1
Qc3 28. Nf4 Bc2 29. Nh5 Bg6 30. f4 Nd2 31. Ng3 Qd4+ 32. Kh2 Qc3 33. f5 exf5 34.
Nxf5 Bxf5 35. Qxf5 d4 36. Qg4 d3 37. Re3 Nc4 38. Rf3 Nxe5 39. Qg3 Nxf3+ 40. Qxf3
Rd8 41. Qxb7 Qd4 42. Kh1 d2 43. Qxa6 h6 44. Qf1 Qe3 45. Kh2 Re8 46. a4 Qe5+ 0-1

[Event "Women's Speed Chess Q1"]
[Site "chess.com INT"]
[Date "2020.06.18"]
[Round "8"]
[White "Goltseva, Ekaterina"]
[Black "Vaishali, R"]
[Result "0-1"]
[WhiteTitle "FM"]
[BlackTitle "WGM"]
[WhiteElo "2306"]
[BlackElo "2393"]
[WhiteFideId "24173770"]
[BlackFideId "5091756"]
[EventDate "2020.06.18"]

1. d4 Nf6 2. c4 e6 3. g3 d5 4. Bg2 dxc4 5. Nf3 a6 6. O-O Nc6 7. a4 Be7 8. e3 O-O
9. Nbd2 Na5 10. Ne5 c5 11. dxc5 Qc7 12. Ndxc4 Nxc4 13. Nxc4 Qxc5 14. b3 Rd8 15.
Qe2 Nd5 16. Bb2 b5 17. Bd4 Qb4 18. Rfb1 Rb8 19. axb5 Qxb5 20. Ra5 Qe8 21. Ne5
Bb7 22. Rc1 Rdc8 23. Raa1 f6 24. Nc4 Bb4 25. Qf1 e5 26. Bb2 Qe6 27. Na5 Bxa5 28.
Rxa5 Nb4 29. Rac5 Rxc5 30. Rxc5 Bxg2 31. Qxg2 Rd8 32. h4 Qd6 33. Rc1 Nd3 34. Rb1
Qb4 35. Kh2 Qxb3 36. f3 Rc8 37. Rd1 Rc2 38. Rd2 Rxd2 39. Qxd2 Qxb2 40. Qxb2 Nxb2
41. Kg2 a5 0-1

[Event "Women's Speed Chess Q1"]
[Site "chess.com INT"]
[Date "2020.06.18"]
[Round "8"]
[White "Zakirova, Aisha"]
[Black "Vifleemskaia, Svetlana"]
[Result "1-0"]
[WhiteTitle "WCM"]
[BlackTitle "WFM"]
[WhiteElo "1585"]
[BlackElo "1943"]
[WhiteFideId "13719734"]
[BlackFideId "4129490"]
[EventDate "2020.06.18"]

1. d4 Nf6 2. c4 e6 3. Nf3 Bb4+ 4. Bd2 a5 5. g3 Nc6 6. Bg2 d6 7. O-O Bxd2 8.
Nbxd2 O-O 9. Qc2 e5 10. d5 Nb4 11. Qb1 c6 12. a3 Na6 13. e4 a4 14. b4 axb3 15.
Nxb3 Bg4 16. Nfd2 Qb6 17. Qc2 Nc5 18. Rfb1 Qc7 19. Nxc5 dxc5 20. Nb3 b6 21. a4
Rfb8 22. a5 bxa5 23. Nxc5 cxd5 24. cxd5 Rc8 25. Rc1 Nd7 26. f3 Qxc5+ 27. Qxc5
Rxc5 28. fxg4 a4 29. Rcb1 a3 30. Rb7 Nf8 31. d6 Rc2 32. d7 Rd2 33. Rb3 a2 34.
Bf1 Nxd7 35. Bc4 Nc5 36. Rf3 Ne6 37. Bd5 Ra5 38. Rb3 h6 39. Rb8+ Kh7 40. Rb7 Nd4
41. Rxf7 Rb2 42. Rff1 Ne2+ 43. Kh1 Nc3 44. Bf7 Rb1 45. Rg1 1-0

[Event "Women's Speed Chess Q1"]
[Site "chess.com INT"]
[Date "2020.06.18"]
[Round "8"]
[White "Mendoza, Beverly"]
[Black "Shevtchenko, Olesya"]
[Result "1-0"]
[WhiteTitle "WIM"]
[BlackTitle "WFM"]
[WhiteElo "1945"]
[BlackElo "2054"]
[WhiteFideId "5201250"]
[BlackFideId "24131890"]
[EventDate "2020.06.18"]

1. d4 Nf6 2. Nf3 c5 3. c3 e6 4. Bf4 Qb6 5. Qb3 Nc6 6. Nbd2 cxd4 7. cxd4 Nxd4 8.
Qxb6 Nxf3+ 9. exf3 axb6 10. Rc1 Bb4 11. a3 Bxd2+ 12. Kxd2 O-O 13. Bd6 Re8 14.
Bd3 Nd5 15. Rc4 b5 16. Rh4 f5 17. f4 b4 18. Re1 bxa3 19. bxa3 Rxa3 20. Bxa3 g6
21. Bd6 b6 22. Rc1 Bb7 23. Bc4 Bc6 24. Rh3 b5 25. Bb3 Nb6 26. Re3 Kf7 27. f3 Ra8
28. Bxe6+ dxe6 29. Rxc6 Nc4+ 30. Rxc4 bxc4 31. Ra3 Rd8 32. Ra6 h6 33. Kc3 g5 34.
Kxc4 Rc8+ 35. Kd4 Rc2 36. Ra7+ Kg6 37. fxg5 hxg5 38. Be5 Rxg2 39. Rg7+ Kh6 40.
f4 Rg4 41. Kd3 Rxf4 42. Bxf4 Kxg7 43. Bxg5 e5 44. h4 Kg6 45. Ke3 Kh5 46. Kf3 Kg6
47. Bd8 Kh5 48. Kg3 Kg6 49. Bc7 f4+ 50. Kg4 Kf6 51. h5 f3 52. Bd8+ Kg7 53. Kxf3
Kh6 54. Kg4 e4 55. Bg5+ Kh7 56. Be3 Kg7 57. Kf5 Kf7 58. Kxe4 Kf6 59. Kf4 Ke6 60.
Kg5 Kf7 61. Bd4 Kg8 62. Kg6 Kf8 63. h6 Ke7 64. h7 Ke6 65. h8=Q Kd5 66. Qe5+ Kc4
67. Bf2 Kd3 68. Qe3+ Kc4 69. Qd2 Kb5 70. Qc3 Ka4 71. Qb2 Ka5 72. Bh4 Ka4 73. Kf5
Ka5 74. Qb3 Ka6 75. Ke5 Ka7 76. Kd5 Ka8 77. Kc6 Ka7 78. Qb7# 1-0

[Event "Women's Speed Chess Q1"]
[Site "chess.com INT"]
[Date "2020.06.18"]
[Round "8"]
[White "Jakubowska, Anna"]
[Black "Allahverdiyeva, Ayan"]
[Result "0-1"]
[WhiteTitle "WIM"]
[BlackTitle "WFM"]
[WhiteElo "2073"]
[BlackElo "2088"]
[WhiteFideId "1121952"]
[BlackFideId "13412590"]
[EventDate "2020.06.18"]

1. e4 c5 2. Nc3 e6 3. g3 Nc6 4. Bg2 g6 5. d3 Bg7 6. Be3 d6 7. Qd2 Nge7 8. Bh6
Bxh6 9. Qxh6 Nd4 10. Qd2 e5 11. Nd1 d5 12. c3 Ndc6 13. exd5 Nxd5 14. Ne3 Be6 15.
Ne2 O-O 16. O-O Qd7 17. Rad1 Rad8 18. f4 exf4 19. Nxf4 Nxf4 20. Rxf4 b5 21. a3
Bb3 22. Rdf1 Ne5 23. d4 Nc6 24. d5 Ne7 25. Ng4 f5 26. Ne3 Nxd5 27. Bxd5+ Bxd5
28. Nxd5 Qxd5 29. Qe2 a6 30. Qf2 Rfe8 31. g4 Qd2 32. Qxc5 Re2 33. R4f2 Rxf2 34.
Qxf2 Qxf2+ 35. Rxf2 fxg4 36. Rf6 Rd2 37. Rxa6 Rxb2 38. Rb6 Rb3 39. Kg2 Rxa3 40.
Rxb5 Rxc3 41. Rb7 Rc4 42. Kg3 h5 43. Kg2 Kf8 44. Kg3 Rd4 45. Kg2 Rf4 46. Kg3 Rf7
47. Rb6 Kg7 48. Rc6 Kh6 49. Rc8 Kg5 50. Rc5+ Rf5 51. Rc4 Ra5 52. Rb4 Ra3+ 53.
Kg2 Kh4 54. Rc4 g5 55. Rb4 Ra2+ 56. Kg1 Rd2 57. Rc4 Rd3 58. Rc5 Kh3 59. Rxg5
Rd1+ 60. Kf2 h4 61. Ke2 Rg1 62. Kf2 Kxh2 63. Rh5 g3+ 64. Ke2 h3 65. Kf3 g2 66.
Kf2 Rf1+ 0-1

[Event "Women's Speed Chess Q1"]
[Site "chess.com INT"]
[Date "2020.06.18"]
[Round "8"]
[White "Michelle Catherina, P"]
[Black "Ambartsumova, Karina"]
[Result "0-1"]
[WhiteTitle "WIM"]
[BlackTitle "IM"]
[WhiteElo "2176"]
[BlackElo "2371"]
[WhiteFideId "5005736"]
[BlackFideId "4166299"]
[EventDate "2020.06.18"]

1. e4 c5 2. Nf3 e6 3. d4 cxd4 4. Nxd4 a6 5. Be2 Nf6 6. Nc3 Qc7 7. O-O Bb4 8. Qd3
Nc6 9. Nxc6 bxc6 10. f4 d5 11. e5 Nd7 12. Qg3 O-O 13. Kh1 Be7 14. Bd2 c5 15. b3
Bb7 16. Bd3 g6 17. Rae1 c4 18. bxc4 dxc4 19. Be4 Nc5 20. Bxb7 Qxb7 21. f5 exf5
22. Rxf5 Rfe8 23. Ref1 Bf8 24. Bg5 Bg7 25. Rxf7 Qxf7 26. Rxf7 Kxf7 27. Qf2+ Kg8
28. Qxc5 Rxe5 29. Qxc4+ Kh8 30. Bh4 Rae8 31. h3 Re3 32. Nd5 R3e4 33. Qc6 Rf8 34.
Bg3 Bd4 35. h4 Bg7 36. Kh2 Rg4 37. Ne3 Rd4 38. Qc5 Re4 39. Nf1 Rxf1 40. Qd5 Re8
41. Qb7 Rff8 42. Qxa6 Rg8 43. Qd3 Rgf8 44. a4 Rd8 45. Qb3 Rc8 46. a5 Rfe8 47. a6
Bd4 48. a7 Ra8 49. Qc4 Bxa7 0-1

[Event "Women's Speed Chess Q1"]
[Site "chess.com INT"]
[Date "2020.06.18"]
[Round "8"]
[White "Vantika, Agrawal"]
[Black "Xu, Yuanyuan"]
[Result "1-0"]
[WhiteTitle "WIM"]
[BlackTitle "WGM"]
[WhiteElo "2286"]
[BlackElo "2317"]
[WhiteFideId "25050389"]
[BlackFideId "8601089"]
[EventDate "2020.06.18"]

1. d4 d5 2. c4 dxc4 3. Nf3 Nf6 4. e3 e6 5. Bxc4 c5 6. O-O a6 7. Bb3 cxd4 8. exd4
Nc6 9. Nc3 Be7 10. Bg5 O-O 11. Qd2 Na5 12. Bc2 Nc4 13. Qe2 Nd6 14. Rad1 b5 15.
Ne5 Bb7 16. Rfe1 Rc8 17. a3 Nc4 18. Bb3 Nxa3 19. Nxf7 Rxf7 20. Bxe6 Nc4 21. d5
Nd6 22. Bxf7+ Kxf7 23. Qe6+ Kf8 24. Rd3 h6 25. Bf4 Rc4 26. Bg3 Bc8 27. Qe2 Bf5
28. Re3 Rc7 29. h3 Nc4 30. Rf3 Be4 31. Nxe4 Qxd5 32. Nxf6 gxf6 33. Bxc7 Ne5 34.
Bxe5 Kf7 35. Bf4 Qd7 36. Qxe7+ Qxe7 37. Rxe7+ Kxe7 38. Bxh6 Ke6 39. Be3 f5 40.
Bd4 Kd5 41. Bg7 Ke4 42. h4 f4 43. h5 Kf5 44. h6 Kg6 45. Rxf4 Kh7 46. Rf6 Kg8 47.
Rxa6 Kh7 48. Rb6 b4 49. Rxb4 Kg6 50. Rb6+ Kh7 51. b4 Kg8 52. Rc6 Kh7 53. b5 Kg8
54. b6 Kf7 55. b7 Ke7 56. b8=Q Kd7 57. Qb7+ 1-0

[Event "Women's Speed Chess Q1"]
[Site "chess.com INT"]
[Date "2020.06.18"]
[Round "8"]
[White "Fominykh, Maria"]
[Black "Frattini, Beatriz Maria"]
[Result "1-0"]
[WhiteTitle "WGM"]
[BlackTitle "WCM"]
[WhiteElo "2206"]
[BlackElo "1868"]
[WhiteFideId "4142411"]
[BlackFideId "22715002"]
[EventDate "2020.06.18"]

1. d4 Nf6 2. c4 g6 3. Nc3 d5 4. cxd5 Nxd5 5. Bd2 Bg7 6. e4 Nxc3 7. Bxc3 c5 8. d5
O-O 9. Bxg7 Kxg7 10. Qd2 Qb6 11. h4 e6 12. h5 gxh5 13. Qg5+ Kh8 14. Qf6+ Kg8 15.
Qg5+ Kh8 16. O-O-O exd5 17. Qxh5 Qg6 18. Qxd5 Nc6 19. Nf3 Be6 20. Qh5 Bxa2 21.
Ng5 Qxh5 22. Rxh5 Kg7 23. f4 h6 24. Nf3 Rad8 25. Rxc5 Rxd1+ 26. Kxd1 Rd8+ 27.
Ke1 Nd4 28. Ra5 Bb1 29. e5 Nxf3+ 30. gxf3 a6 31. Rc5 Rd7 32. Bh3 Re7 33. f5 f6
34. e6 Bd3 35. Kd2 Bb5 36. Ke3 Bc6 37. Kf4 Rc7 38. Bf1 Re7 39. Bxa6 Bxf3 40. Bb5
Bd1 41. Bd7 Be2 42. Rc7 Ba6 43. Rc2 Bd3 44. Rd2 Ba6 45. b4 Bc4 46. Rc2 Bd5 47.
Rd2 Bc4 48. Rd4 Be2 49. b5 Bf1 50. Rd6 Bg2 51. Rd2 Bh1 52. Rh2 Bc6 53. Ke3 Bd5
54. Kd4 Bb3 55. Kc5 1-0

[Event "Women's Speed Chess Q1"]
[Site "chess.com INT"]
[Date "2020.06.18"]
[Round "8"]
[White "Zavivaeva, Evelina"]
[Black "Zavivaeva, Emilia"]
[Result "0-1"]
[WhiteTitle "WCM"]
[BlackTitle "WCM"]
[WhiteElo "1619"]
[BlackElo "1735"]
[WhiteFideId "44127839"]
[BlackFideId "34127531"]
[EventDate "2020.06.18"]

1. e4 c5 2. c3 e6 3. d4 d5 4. exd5 exd5 5. Nf3 Nc6 6. Bb5 Bg4 7. O-O cxd4 8.
cxd4 Be7 9. Re1 Nf6 10. Nc3 O-O 11. Bxc6 bxc6 12. h3 Bh5 13. Bf4 Bd6 14. Bxd6
Qxd6 15. Qd3 Rfe8 16. Ne5 c5 17. dxc5 Qxc5 18. Nf3 Bg6 19. Qd4 Qd6 20. Rad1
Rxe1+ 21. Rxe1 h6 22. Rd1 Rd8 23. Qe5 Qb6 24. Qe2 Re8 25. Qd2 Rd8 26. Re1 d4 27.
Rd1 Rd7 28. Ne2 d3 29. Nf4 Ne4 30. Qe3 Qxe3 31. fxe3 Nc5 32. Nxg6 fxg6 33. Ne5
Rd6 34. Nc4 Rd8 35. Rd2 Ne4 36. Rd1 Kf7 37. Nd2 Ng3 38. Kf2 Nf5 39. Nf3 Kf6 40.
Rd2 Nd6 41. e4 Nxe4+ 42. Ke3 Nxd2 43. Kxd2 Rd5 44. Kc3 Rd8 45. Kd2 Kf5 46. Ne1
Ke4 47. Nf3 Rd5 48. Ne1 Rd8 49. g4 Rc8 50. Ng2 Rc2+ 51. Ke1 Rxg2 52. Kd1 Kf3 53.
b4 Ke3 54. Kc1 Rxa2 55. Kb1 Rh2 56. Kc1 d2+ 57. Kc2 Ke2 58. Kc3 d1=Q 0-1

[Event "Women's Speed Chess Q1"]
[Site "chess.com INT"]
[Date "2020.06.18"]
[Round "8"]
[White "Frayna, Janelle Mae"]
[Black "Idrisova, Roza"]
[Result "0-1"]
[WhiteTitle "WGM"]
[BlackTitle "WFM"]
[WhiteElo "2179"]
[BlackElo "1960"]
[WhiteFideId "5212499"]
[BlackFideId "4146662"]
[EventDate "2020.06.18"]

1. e4 c6 2. d4 d5 3. Nd2 Nh6 4. e5 g6 5. Ngf3 Bg7 6. Bd3 Bf5 7. O-O e6 8. Nb3
Bxd3 9. cxd3 Nf5 10. Bg5 Qb6 11. Rc1 h6 12. Be3 Nd7 13. Qc2 O-O 14. Nc5 Nxc5 15.
dxc5 Qa6 16. b4 Qa3 17. Rb1 g5 18. Bc1 Qa6 19. h3 b6 20. d4 bxc5 21. dxc5 Rab8
22. a4 Rfd8 23. Bd2 d4 24. Qb3 Qc8 25. Qc4 Rd5 26. Rfe1 Qc7 27. g4 Ne7 28. Nxd4
Bxe5 29. Bc3 Ng6 30. Ne2 Rbd8 31. Bxe5 Nxe5 32. Qe4 Ng6 33. Rbc1 Rd2 34. b5 cxb5
35. axb5 Nh4 36. Rc3 Qa5 37. Qc4 Rd1 38. Rxd1 Rxd1+ 39. Kh2 Qa1 40. Rc1 Rxc1 41.
Nxc1 Qe5+ 42. Kg1 Nf3+ 43. Kg2 Nh4+ 44. Kf1 Nf3 45. Kg2 Nh4+ 46. Kf1 Nf3 47. Qc2
Qe1+ 48. Kg2 Nh4+ 49. Kh2 Nf3+ 50. Kg3 Nd2 0-1